<?xml version="1.0" encoding="UTF-8"?>
<record
    xmlns:xsi="http://www.w3.org/2001/XMLSchema-instance"
    xsi:schemaLocation="http://www.loc.gov/MARC21/slim http://www.loc.gov/standards/marcxml/schema/MARC21slim.xsd"
    xmlns="http://www.loc.gov/MARC21/slim">

  <leader>00773nam a2200193Ia 4500</leader>
  <controlfield tag="008">151121s9999||||xx |||||||||||||| ||und||</controlfield>
  <datafield tag="082" ind1=" " ind2=" ">
    <subfield code="a">833-/&#x935;&#x930;&#x94D;&#x92E;&#x93E;</subfield>
  </datafield>
  <datafield tag="082" ind1=" " ind2=" ">
    <subfield code="b">HNW-59856</subfield>
  </datafield>
  <datafield tag="100" ind1=" " ind2=" ">
    <subfield code="a">&#x935;&#x930;&#x94D;&#x92E;&#x93E; &#x928;&#x935;&#x93E;&#x930;&#x941;&#x923;-&#x905;&#x928;&#x941;&#x964;(&#x92C;&#x930;&#x93E; &#x92E;&#x939;&#x93F;&#x92E;)</subfield>
  </datafield>
  <datafield tag="245" ind1=" " ind2=" ">
    <subfield code="a">&#x915;&#x93E;&#x920;&#x928;&#x93F;&#x92C;&#x93E;&#x930;&#x940; &#x918;&#x93E;&#x91F;</subfield>
  </datafield>
  <datafield tag="260" ind1=" " ind2=" ">
    <subfield code="b">"&#x928;&#x947;&#x936;&#x928;&#x932; &#x92C;&#x941;&#x915; &#x91F;&#x94D;&#x930;&#x938;&#x94D;&#x91F;, &#x907;&#x902;&#x921;&#x93F;&#x92F;&#x93E;, &#x928;&#x964;&#x926;&#x93F;&#x932;&#x94D;&#x932;&#x940;&#x964;"</subfield>
  </datafield>
  <datafield tag="260" ind1=" " ind2=" ">
    <subfield code="c">--</subfield>
  </datafield>
  <datafield tag="300" ind1=" " ind2=" ">
    <subfield code="a">115</subfield>
  </datafield>
  <datafield tag="600" ind1=" " ind2=" ">
    <subfield code="a">&#x935;&#x930;&#x94D;&#x92E;&#x93E; &#x928;&#x935;&#x93E;&#x930;&#x941;&#x923;-&#x905;&#x928;&#x941;&#x964;(&#x92C;&#x930;&#x93E; &#x92E;&#x939;&#x93F;&#x92E;)</subfield>
  </datafield>
  <datafield tag="630" ind1=" " ind2=" ">
    <subfield code="a">&#x915;&#x93E;&#x920;&#x928;&#x93F;&#x92C;&#x93E;&#x930;&#x940; &#x918;&#x93E;&#x91F;</subfield>
  </datafield>
  <datafield tag="700" ind1=" " ind2=" ">
    <subfield code="a">&#x935;&#x930;&#x94D;&#x92E;&#x93E; &#x928;&#x935;&#x93E;&#x930;&#x941;&#x923;-&#x905;&#x928;&#x941;&#x964;(&#x92C;&#x930;&#x93E; &#x92E;&#x939;&#x93F;&#x92E;)</subfield>
  </datafield>
  <datafield tag="730" ind1=" " ind2=" ">
    <subfield code="a">&#x915;&#x93E;&#x920;&#x928;&#x93F;&#x92C;&#x93E;&#x930;&#x940; &#x918;&#x93E;&#x91F;</subfield>
  </datafield>
  <datafield tag="942" ind1=" " ind2=" ">
    <subfield code="c">BOOK</subfield>
  </datafield>
  <datafield tag="999" ind1=" " ind2=" ">
    <subfield code="c">1241459</subfield>
    <subfield code="d">1241456</subfield>
  </datafield>
  <datafield tag="952" ind1=" " ind2=" ">
    <subfield code="0">0</subfield>
    <subfield code="1">0</subfield>
    <subfield code="4">0</subfield>
    <subfield code="7">0</subfield>
    <subfield code="a">HNW</subfield>
    <subfield code="b">HNW</subfield>
    <subfield code="d">2015-11-21</subfield>
    <subfield code="g">15.00</subfield>
    <subfield code="l">0</subfield>
    <subfield code="o">HNW-59856</subfield>
    <subfield code="p">HNW-59856</subfield>
    <subfield code="r">2015-11-21 00:00:00</subfield>
    <subfield code="v">15.00</subfield>
    <subfield code="w">2015-11-21</subfield>
    <subfield code="y">BOOK</subfield>
  </datafield>
</record>
